000 00198nam a22000857a 4500
001 1236040
005 20251001121238.0
245 _aBEBEK ANNEM
_cBEHİÇ AK
260 _bGÜNIŞIĞI KİTAPLIĞI YAYINLARI
999 _c1236040
_d1236040